000
00476nam a2200145Ia 4500
008
090124s9999 xx 000 0 und d
082
_b
133510
_a
102182
245
_a
प्रेम कोणीही करीना
250
_a
1
260
_b
भारद्वाज मंदाकिनी
_c
2005
300
_a
208
630
_a
प्रेम कोणीही करीना
730
_a
प्रेम कोणीही करीना
942
_c
BOOK
999
_c
179745
_d
179745